| 000 | 00673nam a2200217Ia 4500 | ||
|---|---|---|---|
| 003 | GCL | ||
| 008 | 140319s9999 xx 000 0 ara d | ||
| 040 |
_aGCL / _cGCL |
||
| 082 | 0 | 4 |
_a301.412 _bا ن |
| 100 | 1 | _aاحمد زيادة | |
| 245 | 1 | 0 |
_aنساء الخليج : اسرار وحكايات مثيرة / _cاحمد زيادة |
| 250 | _a1 | ||
| 260 |
_aالقاهرة : _bمركز الراية للنشر والاعلام ، _c1994 |
||
| 300 |
_a214 ص ؛ _c24 سم. |
||
| 490 | _a | ||
| 650 | 0 | 4 | _aالمرأة |
| 650 | 0 | 4 | _aالمرأة - العالم العربى |
| 650 | 0 | 4 | _aبلقيس |
| 650 | 0 | 4 | _aالمرأة فى الاسلام |
| 942 |
_2ddc _cBK |
||
| 999 |
_c47907 _d47907 |
||